00305pab a2200121 454500008004000000100001500040245006000055260000900115300001100124362001000135650002300145773001500168180718b2009 xxu||||| |||| 00| 0 eng d aArun Kumar aEconomic agenda: global crisis calls for fresh thinking c2009 ap.7-8. a4 Jul aEconomic recession aMainstream